<?xml version="1.0" encoding="UTF-8"?>
<record
    xmlns:xsi="http://www.w3.org/2001/XMLSchema-instance"
    xsi:schemaLocation="http://www.loc.gov/MARC21/slim http://www.loc.gov/standards/marcxml/schema/MARC21slim.xsd"
    xmlns="http://www.loc.gov/MARC21/slim">

  <leader>01821ncm0a2200361   4500</leader>
  <controlfield tag="001">RU\NLR\ONIZ\218874</controlfield>
  <controlfield tag="005">20250626062719.0</controlfield>
  <datafield tag="035" ind1=" " ind2=" ">
    <subfield code="a">(NLR Aleph) 011415360</subfield>
  </datafield>
  <datafield tag="090" ind1=" " ind2=" ">
    <subfield code="a">11581689</subfield>
    <subfield code="c">11581689</subfield>
  </datafield>
  <datafield tag="100" ind1=" " ind2=" ">
    <subfield code="a">20170622d2005    |||y0rusy50      ca</subfield>
  </datafield>
  <datafield tag="101" ind1="0" ind2=" ">
    <subfield code="a">rus</subfield>
  </datafield>
  <datafield tag="102" ind1=" " ind2=" ">
    <subfield code="a">RU</subfield>
  </datafield>
  <datafield tag="125" ind1=" " ind2=" ">
    <subfield code="a">ax</subfield>
  </datafield>
  <datafield tag="200" ind1="1" ind2=" ">
    <subfield code="a">&#x41E;&#x445;&#x43E;&#x442;&#x43D;&#x438;&#x447;&#x438;&#x439; &#x440;&#x43E;&#x436;&#x43E;&#x43A;</subfield>
    <subfield code="b">&#x41D;&#x43E;&#x442;&#x44B;</subfield>
    <subfield code="e">&#x444;&#x43E;&#x440;&#x442;&#x435;&#x43F;&#x438;&#x430;&#x43D;. &#x43F;&#x44C;&#x435;&#x441;&#x44B; &#x434;&#x43B;&#x44F; &#x434;&#x435;&#x442;&#x435;&#x439; (&#x43C;&#x43B;. &#x43A;&#x43B;.)</subfield>
    <subfield code="f">&#x41B;. &#x41C;&#x43E;&#x446;&#x430;&#x440;&#x442;, &#x412;. &#x410;. &#x41C;&#x43E;&#x446;&#x430;&#x440;&#x442;</subfield>
    <subfield code="g">&#x440;&#x435;&#x434;.-&#x441;&#x43E;&#x441;&#x442;. &#x41B;. &#x41A;&#x440;&#x438;&#x448;&#x442;&#x43E;&#x43F;</subfield>
  </datafield>
  <datafield tag="210" ind1=" " ind2=" ">
    <subfield code="a">&#x421;&#x430;&#x43D;&#x43A;&#x442;-&#x41F;&#x435;&#x442;&#x435;&#x440;&#x431;&#x443;&#x440;&#x433;</subfield>
    <subfield code="c">&#x413;&#x430;&#x440;&#x43C;&#x43E;&#x43D;&#x438;&#x44F;</subfield>
    <subfield code="d">2005</subfield>
  </datafield>
  <datafield tag="215" ind1=" " ind2=" ">
    <subfield code="a">53 &#x441;.</subfield>
    <subfield code="d">29 &#x441;&#x43C;</subfield>
  </datafield>
  <datafield tag="327" ind1="1" ind2=" ">
    <subfield code="a">1. 6 &#x43C;&#x435;&#x43D;&#x443;&#x44D;&#x442;&#x43E;&#x432; ; &#x421;&#x430;&#x440;&#x430;&#x431;&#x430;&#x43D;&#x434;&#x430; ; &#x411;&#x443;&#x440;&#x43B;&#x435;&#x441;&#x43A;&#x430;; &#x410;&#x440;&#x438;&#x44F; ; &#x410;&#x43D;&#x433;&#x43B;&#x435;&#x437; ; &#x41E;&#x445;&#x43E;&#x442;&#x43D;&#x438;&#x447;&#x438;&#x439; &#x440;&#x43E;&#x436;&#x43E;&#x43A; ; &#x416;&#x438;&#x433;&#x430; / &#x41B;. &#x41C;&#x43E;&#x446;&#x430;&#x440;&#x442;. 2. 11 &#x43C;&#x435;&#x43D;&#x443;&#x44D;&#x442;&#x43E;&#x432; ; &#x410;&#x43D;&#x434;&#x430;&#x43D;&#x442;&#x435; ; 2 &#x430;&#x440;&#x438;&#x438; ; &#x41F;&#x430;&#x441;&#x43F;&#x44C;&#x435; ; &#x410;&#x43B;&#x43B;&#x435;&#x433;&#x440;&#x43E; ; &#x412;&#x43E;&#x43B;&#x44B;&#x43D;&#x43A;&#x430; ; &#x41A;&#x43E;&#x43D;&#x442;&#x440;&#x434;&#x430;&#x43D;&#x441; ; 2 &#x440;&#x43E;&#x43D;&#x434;&#x43E; / &#x412;. &#x410;. &#x41C;&#x43E;&#x446;&#x430;&#x440;&#x442;</subfield>
  </datafield>
  <datafield tag="606" ind1="1" ind2=" ">
    <subfield code="a">&#x422;&#x430;&#x43D;&#x446;&#x44B; &#x434;&#x43B;&#x44F; &#x444;&#x43E;&#x440;&#x442;&#x435;&#x43F;&#x438;&#x430;&#x43D;&#x43E;</subfield>
    <subfield code="y">&#x410;&#x432;&#x441;&#x442;&#x440;&#x438;&#x44F;</subfield>
    <subfield code="z">18 &#x432;.</subfield>
    <subfield code="j">&#x41D;&#x43E;&#x442;&#x44B;</subfield>
    <subfield code="2">nlr_sh</subfield>
  </datafield>
  <datafield tag="606" ind1="1" ind2=" ">
    <subfield code="a">&#x424;&#x43E;&#x440;&#x442;&#x435;&#x43F;&#x438;&#x430;&#x43D;&#x43D;&#x44B;&#x435; &#x43F;&#x44C;&#x435;&#x441;&#x44B; &#x434;&#x43B;&#x44F; &#x434;&#x435;&#x442;&#x435;&#x439; &#x43C;&#x43B;&#x430;&#x434;&#x448;&#x435;&#x433;&#x43E; &#x432;&#x43E;&#x437;&#x440;&#x430;&#x441;&#x442;&#x430;</subfield>
    <subfield code="j">&#x41D;&#x43E;&#x442;&#x44B;</subfield>
    <subfield code="2">nlr_sh</subfield>
  </datafield>
  <datafield tag="686" ind1=" " ind2=" ">
    <subfield code="a">&#x429;985.42&#x44F;43(4&#x410;)</subfield>
    <subfield code="v">LBC/SL</subfield>
    <subfield code="2">rubbk</subfield>
  </datafield>
  <datafield tag="686" ind1=" " ind2=" ">
    <subfield code="a">&#x429;954.2-058.55&#x44F;43(4&#x410;)</subfield>
    <subfield code="v">LBC/SL</subfield>
    <subfield code="2">rubbk</subfield>
  </datafield>
  <datafield tag="700" ind1=" " ind2="1">
    <subfield code="9">z02790</subfield>
    <subfield code="a">&#x41C;&#x43E;&#x446;&#x430;&#x440;&#x442;</subfield>
    <subfield code="b">&#x418;. &#x413;. &#x41B;.</subfield>
    <subfield code="f">1719-1787</subfield>
    <subfield code="g">&#x418;&#x43E;&#x433;&#x430;&#x43D;&#x43D; &#x413;&#x435;&#x43E;&#x440;&#x433; &#x41B;&#x435;&#x43E;&#x43F;&#x43E;&#x43B;&#x44C;&#x434;</subfield>
    <subfield code="4">230</subfield>
    <subfield code="7">ca</subfield>
  </datafield>
  <datafield tag="701" ind1=" " ind2="1">
    <subfield code="9">z03790</subfield>
    <subfield code="a">&#x41C;&#x43E;&#x446;&#x430;&#x440;&#x442;</subfield>
    <subfield code="b">&#x412;. &#x410;.</subfield>
    <subfield code="f">1756-1791</subfield>
    <subfield code="g">&#x412;&#x43E;&#x43B;&#x44C;&#x444;&#x433;&#x430;&#x43D;&#x433; &#x410;&#x43C;&#x430;&#x434;&#x435;&#x439;</subfield>
    <subfield code="4">230</subfield>
    <subfield code="7">ca</subfield>
  </datafield>
  <datafield tag="790" ind1=" " ind2="1">
    <subfield code="9">z02700</subfield>
    <subfield code="a">Mozart</subfield>
    <subfield code="b">L.</subfield>
    <subfield code="f">1719-1787</subfield>
    <subfield code="g">Leopold</subfield>
    <subfield code="4">230</subfield>
    <subfield code="7">ba</subfield>
  </datafield>
  <datafield tag="790" ind1=" " ind2="1">
    <subfield code="9">z03701</subfield>
    <subfield code="a">Mozart</subfield>
    <subfield code="b">W. A.</subfield>
    <subfield code="f">1756-1791</subfield>
    <subfield code="g">Wolfgang Amadeus</subfield>
    <subfield code="4">230</subfield>
    <subfield code="7">ba</subfield>
  </datafield>
  <datafield tag="801" ind1=" " ind2="0">
    <subfield code="a">RU</subfield>
    <subfield code="b">NLR</subfield>
    <subfield code="c">20170622</subfield>
    <subfield code="g">PSBO</subfield>
  </datafield>
  <datafield tag="801" ind1=" " ind2="1">
    <subfield code="a">RU</subfield>
    <subfield code="b">NLR</subfield>
    <subfield code="c">20170622</subfield>
    <subfield code="2">rusmarc</subfield>
  </datafield>
  <datafield tag="801" ind1=" " ind2="2">
    <subfield code="a">RU</subfield>
    <subfield code="b">NLR</subfield>
    <subfield code="c">20170628</subfield>
  </datafield>
  <datafield tag="852" ind1=" " ind2=" ">
    <subfield code="a">NLR</subfield>
    <subfield code="b">&#x41C;</subfield>
    <subfield code="j">&#x41A;-3/26206</subfield>
    <subfield code="p">278528</subfield>
    <subfield code="t">1</subfield>
  </datafield>
  <datafield tag="942" ind1=" " ind2=" ">
    <subfield code="c">SCORE</subfield>
  </datafield>
  <datafield tag="980" ind1=" " ind2=" ">
    <subfield code="a">NB</subfield>
  </datafield>
  <datafield tag="980" ind1=" " ind2=" ">
    <subfield code="a">ONIZ</subfield>
  </datafield>
  <datafield tag="995" ind1=" " ind2=" ">
    <subfield code="5">2017-06-22</subfield>
    <subfield code="b">NLR01</subfield>
    <subfield code="c">NLR01</subfield>
    <subfield code="e">ONIZ</subfield>
    <subfield code="k">&#x41A;-3/26206 &#x41A;-3/26206</subfield>
    <subfield code="o">0</subfield>
    <subfield code="r">SCORE</subfield>
    <subfield code="s">326206_326206</subfield>
  </datafield>
</record>
